Practical plans for barns, carriage houses, stables, & other country buildings /

Bibliographic Details
Main Author: Radford, William A., 1865-
Other Authors: Loveless, David, Loveless, Joan
Format: Book
Language:English
Published: Stockbridge, Mass. : Berkshire Traveller Press, [1978]
Subjects:

MARC

Tag First Indicator Second Indicator Subfields
LEADER 00000cam a22000005a 4500
001 in00000073440
005 20151008053501.0
008 790131s1978 mauae 00010 eng d
010 |a  78060318  
020 |a 0912944501 (pbk. :)  |c $8.95 
035 |a (OCoLC)04605077 
035 |9 AAH7576AM 
040 |a OKD  |c OKD  |d TXA  |d UtOrBLW 
049 |a TXAM  |c [1116291] 
090 |a NA8201  |b .R33 
100 1 |a Radford, William A.,  |d 1865- 
245 1 0 |a Practical plans for barns, carriage houses, stables, & other country buildings /  |c William Radford, David and Joan Loveless. 
264 1 |a Stockbridge, Mass. :  |b Berkshire Traveller Press,  |c [1978] 
264 4 |c ©1978 
300 |a 206 pages :  |b illustrations, plans ;  |c 25 cm. 
336 |a text  |b txt  |2 rdacontent 
337 |a unmediated  |b n  |2 rdamedia 
338 |a volume  |b nc  |2 rdacarrier 
500 |a "A Berkshire traveller book." 
500 |a Includes "Radford's Practical barn plans," originally published in 1908 in Radford's Combined house and barn plan book, and "The barn in modern usage" by David and Joan Loveless. 
650 0 |a Farm buildings. 
650 0 |a Architecture, Domestic  |v Designs and plans. 
650 0 |a Barns. 
700 1 |a Loveless, David. 
700 1 |a Loveless, Joan. 
999 |a MARS 
999 f f |s b4721f42-6132-3451-80dc-080fc061c39a  |i cc477df8-ed69-372a-9e5f-564d0596f4fa  |t 0 
952 f f |p ric  |a Texas A&M University  |b Rellis Campus  |c Joint Library Facility  |d Remote Storage  |t 0  |e NA8201 .R33  |h Library of Congress classification  |i unmediated -- volume  |m A14806168798 
998 f f |a NA8201 .R33  |t 0  |l Remote Storage